Random World Capitals - Statistics

General Stats
  • This quiz has been taken 25 times
  • The average score is 12 of 20
Answer Stats
Hint Answer % Correct
Ecuador Quito
95%
Iceland Reykjavik
95%
Angola Luanda
82%
Somalia Mogadishu
77%
Liberia Monrovia
77%
Belize Belmopan
73%
Guinea-Bissau Bissau
73%
Maldives Malé
73%
South Sudan Juba
68%
Yemen Sana'a
64%
Mozambique Maputo
59%
St. Kitts and Nevis Basseterre
50%
Tajikistan Dushanbe
50%
Solomon Islands Honiara
50%
Gabon Libreville
50%
St. Vincent andthe Grenadines Kingstown
45%
Tuvalu Funafuti
41%
Tonga Nuku'alofa
41%
Vanuatu Port Vila
41%
Sri Lanka Sri Jayawardenpura Kotte
23%
No matching quizzes found
Score Distribution
Percent of People with Each Score
Percentile by Number Answered
Your Score History
You have not taken this quiz